| 000 | 01169nam a2200349 i 4500 | ||
|---|---|---|---|
| 999 |
_c64910 _d64910 |
||
| 001 | a5231511 | ||
| 003 | SpMaBN | ||
| 005 | 20190327095454.0 | ||
| 008 | 120704s2012 sp g |||| 000 0 spa | ||
| 017 |
_aM 17479-2012 _bOficina Depósito Legal Madrid |
||
| 020 | _a9788422015819 | ||
| 040 |
_aSpMaBN _bspa _cCO-MdFUSB _erdc _dCO-MdFUSBC |
||
| 041 | _aspa | ||
| 080 | _a233 | ||
| 080 | _a231.51 | ||
| 082 |
_224 _aG 213 _bL153h |
||
| 100 | 1 |
_aLadaria, Luis F. _eautor |
|
| 245 | 0 | 3 |
_aEl hombre en la creación _c/ Luis F. Ladaria |
| 264 | 1 |
_aMadrid ; _bBiblioteca de Autores Cristianos, _c℗2012 |
|
| 264 | 4 | _c©2012 | |
| 300 |
_aXVII, 152 páginas ; _c21 cm |
||
| 336 |
_2rdacontent _atexto _btxt |
||
| 337 |
_2rdamedia _asin mediación _bn |
||
| 338 |
_2rdacarrier _avolumen _bnc |
||
| 490 | 0 |
_aEstudios y Ensayos BAC _aTeología |
|
| 505 | _aLa creación en el marco de la fe en Jesucristo -- El desarrollo teológico-dogmático de la fe en la creación -- El hombre imagen de Dios, centro de la creación | ||
| 650 | 7 |
_aAntropología teológica _2embne |
|
| 650 | 7 |
_aCreación _2embne |
|
| 942 | _cBK | ||